000 00290nam a22001337a 4500
008 170922b xxu||||| |||| 00| 0 eng d
020 _a9780312081225
041 _aeng
080 _a37
100 _a46
101 _aEDU
245 _aFALLING INTO THEORY
_cRICHTER, D.H
942 _2udc
_cBK
999 _c28973
_d28973